000 01122cab a2200301 4500
001 ABS55423
008 090401t1996 xxu||||| |||| 00| 0 eng d
035 _a(Sirsi) u16326
041 _aeng
100 _aLee, R.
245 _aShould the valuer be the insurer of all of the client`s risks?
260 _c1996
350 _a0
490 _aProperty Management
_v14(2) 1996, 19-28(10)
520 _aDiscusses the issue of damages in the Court of Appeal decision in Banque Bruxelles Lambert SA v Eagle Star Insurance, and suggests that policy issues must be considered in reaching a conculsion as to which party ought to be liable for damages for economic loss due to a fall in the property market.
650 _aBANQUE BRUXELLES LAMBERT SA V EAGLE STAR INSURANCE
650 _aDAMAGES
650 _aECONOMIC LOSS
650 _aLIABILITY
650 _aLOSS IN VALUE
650 _aNEGLIGENCE
650 _aOVER-VALUATION
650 _aPROFESSIONAL NEGLIGENCE
690 _aMANAGEMENT-BUSINESS MANAGEMENT-PROFESSIONAL PRACTICE
690 _aRATING AND VALUATION
942 _n0
948 _c04/03/1997
999 _c10735
_d10735